00237nam a2200085Ia 4500001000800000005001700008008004100025245005100066260003400117122388020250827092916.0250824s9999 xx 000 0 und d 0aGÜZEL YAZILAR MEKTUPLARcİSMAİL PARLATIR bTÜRK DİL KURUMU YAYINLARI